000 00680nam a2200217 4500
003 OSt
005 20240725070122.0
006 a
008 240725b |||||||| |||| 00| 0 eng d
020 _a032302582
040 _aDWCL-HMN lib.
_cOC
082 _aCirc. 610.73015 M158m 2005
100 _aMacklin, Denise
245 _aMath for clinical practice /
260 _aSt. Louis, Missouri :
_bMosby Elsevier,
_cc2008.
300 _axviii,
_b620 p. : ill. ;
_c28 cm.
504 _aIncludes index.
650 _a1. Pharmaceutical arithmetic-Problems, exercises, etc.
650 _a2. Clinical medicine-Mathematics-Problems, exercises, etc.
942 _2ddc
_n0
_cBK-CIRC
_kCirc.
999 _c2740
_d2740